| 000 | 01353njm a22002897a 4500 | ||
|---|---|---|---|
| 005 | 2010090903563.0 | ||
| 007 | sd ammalaaahaa | ||
| 008 | 100901t xxu||||| |||| 00| 0 hin d | ||
| 028 |
_aECSD. 14624 _bHis Master's Voice |
||
| 028 | _bHis Master's Voice | ||
| 035 | _aGR-03294 | ||
| 040 | _aSED/VEN | ||
| 100 |
_917815 _aHaji gulam farid sabri, maqbool ahmelsabri qawal |
||
| 245 |
_aUrdu modern / _cby Haji gulam farid sabri, maqbool ahmelsabri qawal ; music by Maqbool ahmad sabri ; lyrics Purnam allahabadi _h[sound recording] : |
||
| 246 | _aउर्दू/हाजी गुलाम फरीद सबरी द्वारा | ||
| 260 |
_aDum Dum, India _bHis Master's Voice _c1966 |
||
| 300 |
_a1 sound disc : _banalog, 33 1/3 rpm _c10 in. |
||
| 500 | G | _aBrief record | |
| 505 | _aSide-1 मोहब्बत न होती तो कुछ भी न होता(Mohabbat na hoti to kuch bhi na hota), Side-2 सुलटाने हरम हो जाए कम्रम (Sultane-E-Haram ho jaye karam) (Haji gulam farid sabri) | ||
| 650 |
_aClassical music _xExcerpts _zIndia _917813 |
||
| 700 |
_918219 _aSabri, Maqbool Ahmad |
||
| 700 |
_918220 _aPurnam Allahabadi |
||
| 700 | _919143 | ||
| 710 | _919101 | ||
| 942 |
_2ddc _cGR |
||
| 999 |
_c46380 _d46380 |
||